000 00482nam a2200157 i 4500
001 30141
003 ES-MaACL
005 20230906154138.0
007 t|
008 030123s1960 sp ||||1| spa d
100 1 _aBarrionuevo, José B.
_926015
245 1 3 _aLa cueva de la higuera y cronología sucinta de Berja /
_cpor José B. Barrionuevo.
260 _aMadrid :
_b[s.n.,
_c1960] (
_fTip. Flo-rez)
300 _a63 p., 10 lám. ;
_c17 cm.
852 _aES-MaACL
_jC-19536
_bR.46742
999 _c30141
_d30141